Designing and managing the supply chain ,concepts, strategies, and case studies (Record no. 569382)

000 -LEADER
fixed length control field 00620nam a22001817a 4500
003 - CONTROL NUMBER IDENTIFIER
control field CEME
005 - DATE AND TIME OF LATEST TRANSACTION
control field 20210628202330.0
008 - FIXED-LENGTH DATA ELEMENTS--GENERAL INFORMATION
fixed length control field 210120b xxu||||| |||| 00| 0 eng d
020 ## - INTERNATIONAL STANDARD BOOK NUMBER
International Standard Book Number 0-07-235756-8
040 ## - CATALOGING SOURCE
Transcribing agency ceme
082 ## - DEWEY DECIMAL CLASSIFICATION NUMBER
Classification number 658.5 SIM
100 ## - MAIN ENTRY--PERSONAL NAME
Personal name Simchi-Levi , David ,Kaminsky ,
9 (RLIN) 59380
245 ## - TITLE STATEMENT
Title Designing and managing the supply chain ,concepts, strategies, and case studies
260 ## - PUBLICATION, DISTRIBUTION, ETC.
Place of publication, distribution, etc. NEW YORK
Name of publisher, distributor, etc. MCGRAW HILL
Date of publication, distribution, etc. 2000
300 ## - PHYSICAL DESCRIPTION
Extent XXII,321P
650 ## - SUBJECT ADDED ENTRY--TOPICAL TERM
Topical term or geographic name entry element PHYSICAL DISTRIBUTION OF GOODS-MANAGEMENT. MARKETING CHANNELS-MANAGEMENT. BUSINESS LOGISTICS.SUPPLY CHAIN MANAGEMENT
9 (RLIN) 59381
942 ## - ADDED ENTRY ELEMENTS (KOHA)
Koha item type Book
Source of classification or shelving scheme
Holdings
Withdrawn status Lost status Damaged status Not for loan Permanent Location Current Location Shelving location Date acquired Total Checkouts Full call number Barcode Date last seen Price effective from Koha item type
        College of Electrical & Mechanical Engineering (CEME) College of Electrical & Mechanical Engineering (CEME) General Stacks 07/18/2017   658.5 SIM CEME-41009 06/28/2021 06/28/2021 Book
© 2023 Central Library, National University of Sciences and Technology. All Rights Reserved.